MDQL
is popping MORE tags! Check the
thread
!
Quizzes
Events
Quiz Creation
Community
Videos
Private Events
Remove Ads
Sign In
Join for FREE
Feedback
Dark Mode
Quiz Categories
Sports
Geography
Music
Movies
Television
Just For Fun
Miscellaneous
History
Literature
Language
Science
Gaming
Entertainment
Religion
Holiday
For Kids
Quiz Lab
Recent
Popular Today
Quiz Kudos Today
Editor Picks
Curator Picks
Quizzes by...
Day
Popularity
Type
Ratings
Length
Year
Community
Subscriptions
Recent Discussions
Orange Saloon
Badges
Playlists
Quests
Create
Leaderboards
Showdown
Live 5
Trivia Bingo
Activity
Puzzle Library
Sporcle Events
Private Events
Virtual Trivia
Globe League
Become a Host
Pub Owners
SporcleCon
Opinionation
Our Games
Videos
Blog
Mobile Apps
Partnerships
Remove Ads and Go Orange
Feedback
Music
Pop Music
The Beatles
Song
Album
Lyrics
Bands
Singers
Artist
Clip
Rock
Rap
Classical
Billboard
Country Music
Kpop
Taylor Swift
Music
Pop Music
The Beatles
Song
Album
Lyrics
Bands
Singers
Artist
Clip
Rock
Rap
Classical
Billboard
Country Music
Kpop
Taylor Swift
Random Quiz
Search Sporcle
×
Quiz Lab
Quiz Lab
Music
Word Ladder
Type in answers that appear in a list
Type in answers that appear in a list
Classic
Best Score? Go Orange.
Billy Joel and Elton John Word Ladder Stats
Can you name the word?
By
explosion
5m
24 Questions
505 Plays
505 Plays
505 Plays
Comments
Comments
Give Quiz Kudos
Give Quiz Kudos
-
- Ratings
hide this ad
Replay
Link that replays current quiz
Next Quiz
Link to next quiz in quiz playlist
You Got
0%
They Got
Avg Score
73%
Avg Friend Score
Upgrade to see
Score Distribution
Jump to the score distribution portion of the page
Score
0/24
Timer
05:00
0
Plays Today
Hint
Answer
% Correct
'Candle in the _
_
_
_
'
wind
97.4%
'I Guess That's Why They _
_
_
_
It The Blues'
call
96.8%
'The Great _
_
_
_
of China'
wall
95.6%
Born to be _
_
_
_
_
wild
89.9%
hairless
bald
89.7%
Cinderella event
ball
88.9%
'_
_
_
me to the pilot'
take
88.5%
Collection of musicians
band
86.9%
Harry Potter Artifact
wand
85.3%
The Power of _
_
_
will
77.4%
Legend
tale
73.4%
not diminuitive
tall
73.2%
Hint
Answer
% Correct
Porgy and _
_
_
_
bess
71.4%
cow _
_
_
_
bell
65.1%
'_
_
_
Money'
easy
64.9%
Foundation
base
63.9%
Upright or Electric
bass
62.9%
Pocket
cell
62.1%
Group of asteroids
belt
60.9%
'Shame_
_
_
_
'
less
60.1%
simplicity
ease
57.1%
perceived
felt
55.8%
Admit
fess
51.2%
October_
_
_
fest
50.8%
Quiz Playlist
Details
Report
Send in Message
Add To Playlist
Classic:
Type in answers that appear in a list
Last Updated: Aug 2, 2017
Quiz Scoreboard
CHALLENGE
Sign Up to Join the Scoreboard
Show All
Scores
Hide
Comments
May contain spoilers
Recently Published
Two Season TV Shows II
by 123Four
Television
10m
Image Sorting: Flags VI
by Barbecue
Geography
2m
Find the 'City' Movie
by crazypaving
Movies
60s
More to Explore
Quiz From the Vault
Featured Blog Post
14 Easter Pick-up Lines to Find Eggs With
hide this ad
You Might Also Like...
Tags
Word Ladder Quiz
Billy
Billy Joel
elton
Elton John
joel
john
Today's Top Quizzes in Music
Browse Music
hide this ad
Today's Top Quizzes in Word Ladder
Browse Word Ladder
Top Contributed Quizzes in Music
1
5X2 Blitz: Bands II
2
5X2 Blitz: The Beatles
3
Taylor Swift All Songs (2024)
4
5X2 Blitz: Billboard
5
5X2 Blitz: Billboard II
6
5X2 Blitz: Album
7
5X2 Blitz: Rock
8
5X2 Blitz: Singers
9
Music Artist by Three 2010s hits
10
5X2 Blitz: Lyrics
Explore More
Trending Topics
Harry Potter
Crossword
NBA
Disney
Kpop
Marvel
Anime
WWE
Puzzle
NFL
The Office
Country
Pokémon
Soccer
Song
hide this ad
More By:
explosion
Quiz
Plays
Rating
Category
Featured
Created
Hard Survivor Trivia
1,131
4.67
Television
Sep 5, 2014
Survivor: Cagayan Trivia
562
5.00
Television
Jul 21, 2014
Billy Joel and Elton John Word Ladder
505
2.50
Music
Aug 14, 2011
Survivor Chain
469
3.00
Entertainment
Apr 6, 2014
Chile to Ireland
452
2.71
Geography
Jan 29, 2012
Go to Creator's Profile
Score Distribution
Quiz Creator Spotlight
explosion
Follow
Send a Message
Quizzes Created
-
Created Quiz Play Count
-
More By This Creator
Popular Quizzes Today
1
Colored Red Africa Blitz
2
Find the US States - No Outlines Minefield
3
Find the 'City' Movie
4
5x2 Blitz: Bands
5
The Countries of the World
6
Find the US States
7
Find the Countries of Europe - No Outlines Minefield
8
US States
More Music Quizzes
6-Letter Music Artists
Published
Trending Quizzes
Colored Red Europe Blitz I
Colored Red Africa Blitz II
Colored Red Europe Blitz II
Colored Red Africa Blitz III
Colored Red Europe Blitz III
Recently Updated
How Do You Spell That?
pecheneg
Godzilla Movies
pecheneg
Grab Bag: 4-10 Letters
pecheneg
2024 March Madness Bracket
pecheneg
Famous TV Couples
Peacemaker
Champions League XIs: Real Madrid
pecheneg
Largest US Cities 1790-2010
pecheneg
Rides in Walt Disney World
pecheneg
Most Oscar Losses (Acting)
pecheneg
Beyoncé Albums
pecheneg
Trending Topics
Marvel
Disney
Kpop
Anime
NBA
Harry Potter
Crossword
WWE
Song
Country
Soccer
NFL
Pokémon
Puzzle
The Office
Your Account Isn't Verified!
In order to create a playlist on Sporcle, you need to verify the email address you used during registration. Go to your
Sporcle Settings
to finish the process.
Report this User
Report this user for behavior that violates our
Community Guidelines
.
Details:
Send Report
Go to the Sporcle.com Mobile Site →
Comments